| 000 | 00724 a2200193 4500 | ||
|---|---|---|---|
| 999 |
_c4068 _d4068 |
||
| 020 | _a9780627025471 | ||
| 050 | 0 | 0 | _aLB 2331 GRA |
| 245 | 0 | 0 |
_aTeaching and learning in higher education / _cSarah Gravett, Hester Geyser, editors. |
| 264 |
_aPretoria: _bVan Schaik Publishers, _c2004 |
||
| 300 |
_axv, 207p. : _bill. |
||
| 500 | _aIncludes bibliographical references and index. | ||
| 504 | _aIncludes bibliographical references and index. | ||
| 650 | 0 | _aCollege teaching | |
| 650 | 0 | _aEducation, Higher | |
| 700 | 1 |
_aGravett, Sarah. _eEditor |
|
| 700 | 1 |
_aGeyser, Hester _q(Hester Cecilia). _eEditor |
|
| 942 |
_2lcc _cBK _h2331 _iGRA _kLB |
||